000 00669cam a22002172 4500
001 0000020322
005 20151217161159.0
008 110912s xx 000 0 eng d
020 _a0192806165 :
040 _aKABU
_cKABU
245 1 0 _aOxford dictionary of political quotations /
_cedited by Antony Jay.
250 _a3rd ed.
260 _aOxford :
_bO. U. P.,
_c2006.
300 _axxii, 541 p.
650 0 _aPolitical science
_xQuotations.
_@0000180503
650 0 _aPoliticians
_xQuotations.
_@0000180504
700 1 _aJay, Antony.
_@0000180505
852 1 _9p2660 KES
908 _a110912
950 _@1
999 _c15232
_d15232